Online
Catalog

El inmune / (Record no. 4350)

MARC details
000 -CABECERA
campo de control de longitud fija 00784cam a2200241 a 4500
001 - NÚMERO DE CONTROL
campo de control 000004541
005 - FECHA Y HORA DE LA ÚLTIMA TRANSACCIÓN
campo de control 20200929151446.0
008 - DATOS DE LONGITUD FIJA--INFORMACIÓN GENERAL
campo de control de longitud fija 751105s1991 sp 000 1 spa
020 ## - NÚMERO INTERNACIONAL ESTÁNDAR DEL LIBRO
Número Internacional Estándar del Libro 8477650535
040 ## - FUENTE DE LA CATALOGACIÓN
Centro catalogador/agencia de origen DO-SdBNP
Centro/agencia modificador BNPHU
041 17 - CÓDIGO DE LENGUA
Código de lengua del texto/banda sonora o título independiente spa
Código de lengua original ger
Fuente del código Código de idioma MARC
082 ## - NÚMERO DE LA CLASIFICACIÓN DECIMAL DEWEY
Número de clasificación 833.914
Número de documento/Ítem L826i
100 1# - ENTRADA PRINCIPAL--NOMBRE DE PERSONA
Nombre de persona Loetscher, Hugo,
Fechas asociadas al nombre 1929-2009.
9 (RLIN) 13267
240 14 - TÍTULO UNIFORME
Título uniforme Der immune.
Lenguaje de la obra español
245 14 - MENCIÓN DE TÍTULO
Título El inmune /
Mención de responsabilidad, etc. Hugo Loetscher ; traducción, Cristina García Ohlrich.
260 ## - PUBLICACIÓN, DISTRIBUCIÓN, ETC.
Lugar de publicación, distribución, etc. Barcelona :
Nombre del editor, distribuidor, etc. Circe,
Fecha de publicación, distribución, etc. 1991.
300 ## - DESCRIPCIÓN FÍSICA
Extensión 333 p. ;
Dimensiones 24 cm.
534 ## - NOTA SOBRE LA VERSIÓN ORIGINAL
Encabezamiento principal del original Título original:
Mención de título del original Der immune
650 #4 - PUNTO DE ACCESO ADICIONAL DE MATERIA--TÉRMINO DE MATERIA
Término de materia o nombre geográfico como elemento de entrada Novela suiza
9 (RLIN) 13268
650 #4 - PUNTO DE ACCESO ADICIONAL DE MATERIA--TÉRMINO DE MATERIA
Término de materia o nombre geográfico como elemento de entrada Literatura suiza
Subdivisión general Historia y crítica
9 (RLIN) 13269
700 1# - PUNTO DE ACCESO ADICIONAL--NOMBRE DE PERSONA
Nombre de persona García Ohlrich, Cristina,
Término indicativo de función/relación tr.
9 (RLIN) 13270
910 ## - DATOS DE OPCIÓN DEL USUARIO (OCLC)
Datos de opción del usuario Catalogación derivada
Holdings
Estado de retiro Estado de pérdida Restricciones de uso No para préstamo Código de colección Localización permanente Ubicación/localización actual Ubicación en estantería Fecha de adquisición Número de inventario Total de préstamos Signatura topográfica completa Código de barras Fecha visto por última vez Precio válido a partir de Tipo de ítem Koha
    Préstamo interno   Monografías: Libros y Folletos General General En catalogación 23.07.2009 LF1   833.914 L826i 4541-10 25.06.2020 25.06.2020 Préstamo interno

Powered by Koha